ბათუმის შოთა რუსთაველის სახელმწიფო უნივერსიტეტის ბიბლიოთეკა

A COURSE IN ENGLISH PHONETICS TEORY AND PRACTICE / (ბიბ.ჩანაწერი № 55569)

000 -LEADER
fixed length control field 00861nam a2200253Ia 4500
001 - CONTROL NUMBER
control field 22651
003 - CONTROL NUMBER IDENTIFIER
control field GE_BSU
005 - DATE AND TIME OF LATEST TRANSACTION
control field 20230410111132.0
008 - FIXED-LENGTH DATA ELEMENTS--GENERAL INFORMATION
fixed length control field 181216s ||||enk|||||||||||||| ||eng||
020 ## - INTERNATIONAL STANDARD BOOK NUMBER
International Standard Book Number 9789941228476
040 ## - CATALOGING SOURCE
Transcribing agency GE_BSU
080 ## - UNIVERSAL DECIMAL CLASSIFICATION NUMBER
Universal Decimal Classification number 811.111.1 Sh-53
100 ## - MAIN ENTRY--PERSONAL NAME
Personal name SHAVLADZE, TEA
9 (RLIN) 13362
245 #2 - TITLE STATEMENT
Title A COURSE IN ENGLISH PHONETICS TEORY AND PRACTICE /
Statement of responsibility, etc. TEA SHAVLADZE, MAIA TAKIDZE ; Edited by : T.SIRADZE.
264 ## - PRODUCTION, PUBLICATION, DISTRIBUTION, MANUFACTURE, AND COPYRIGHT NOTICE
Place of production, publication, distribution, manufacture Tbilisi :
Name of producer, publisher, distributor, manufacturer UNIVERSAL,
Date of production, publication, distribution, manufacture, or copyright notice 2016.
300 ## - PHYSICAL DESCRIPTION
Extent 163 p. ;
Dimensions 19 cm.
653 ## - INDEX TERM--UNCONTROLLED
keyword A COURSE IN ENGLISH PHONETICS TEORY AND PRACTICE
653 ## - INDEX TERM--UNCONTROLLED
keyword ინგლისური ენა(გრამატიკა)
653 ## - INDEX TERM--UNCONTROLLED
keyword ინგლისური ენის ფონეტიკა
700 ## - ADDED ENTRY--PERSONAL NAME
Personal name TAKIDZE, MAIA
Titles and other words associated with a name by
9 (RLIN) 17566
700 ## - ADDED ENTRY--PERSONAL NAME
Personal name SIRADZE, T.
Titles and other words associated with a name Edited by
9 (RLIN) 17567
942 ## - ADDED ENTRY ELEMENTS (KOHA)
Koha item type წიგნი
Source of classification or shelving scheme
ეგზემპლარები
Withdrawn status Lost status Source of classification or shelving scheme Damaged status Not for loan Permanent Location Current Location Shelving location Date acquired Cost, normal purchase price Full call number Barcode Date last seen Copy number Price effective from Koha item type Public note
          ბათუმის შოთა რუსთაველის სახელმწიფო უნივერსიტეტის მთავარი ბიბლიოთეკა ბათუმის შოთა რუსთაველის სახელმწიფო უნივერსიტეტის მთავარი ბიბლიოთეკა წიგნსაცავი 2018-12-17 10.00 811.111.1 Sh-53 58064 2018-12-17 58064 2018-12-17 წიგნი 10.00 GEL.
          ბათუმის შოთა რუსთაველის სახელმწიფო უნივერსიტეტის მთავარი ბიბლიოთეკა ბათუმის შოთა რუსთაველის სახელმწიფო უნივერსიტეტის მთავარი ბიბლიოთეკა წიგნსაცავი 2018-12-17 10.00 811.111.1 Sh-53 58065 2018-12-17 58065 2018-12-17 წიგნი 10.00 GEL.
          ბათუმის შოთა რუსთაველის სახელმწიფო უნივერსიტეტის მთავარი ბიბლიოთეკა ბათუმის შოთა რუსთაველის სახელმწიფო უნივერსიტეტის მთავარი ბიბლიოთეკა წიგნსაცავი 2018-12-17 10.00 811.111.1 Sh-53 58066 2018-12-17 58066 2018-12-17 წიგნი 10.00 GEL.